| 000 | 00433nam a2200145 a 4500 | ||
|---|---|---|---|
| 005 | 20140412111249.0 | ||
| 008 | 001120s19uu xx 00 eng d | ||
| 020 | _a0-8431-3135-7 | ||
| 050 |
_aTR(GS 372.4 _bGe26 1988 |
||
| 245 |
_aGetting ready for reading / _cillustrated by Terry Anderson. |
||
| 260 |
_aLos Angeles, CA : _bPrice Stern Sloan, _c1988. |
||
| 300 | _a1 v. (unp.) ; col. ; ill. | ||
| 650 | _aReading | ||
| 999 |
_c103047 _d103047 |
||